| 000 | 01065nam a22004090a 4500 | ||
|---|---|---|---|
| 001 | PT46922 | ||
| 003 | AR-LpoUNG | ||
| 005 | 20210131231147.0 | ||
| 008 | 191001s2010||||fr |||||||||||||||||fre d | ||
| 020 |
_a9782020848299 _c$6,50 |
||
| 040 |
_aAR-LpoUNG _bspa _cAR-LpoUNG _eaacr |
||
| 041 | _afre | ||
| 044 | _afr | ||
| 082 | 0 | _a334.01 412pol | |
| 100 | 1 | _aLaville, Jean-Louis | |
| 245 | 1 | 0 | _aPolitique de l'association |
| 250 | _a1ra. ed. | ||
| 260 |
_aParĂs : _bdu Seuil, _c2010. |
||
| 300 |
_a359 p. : _bil. |
||
| 650 | 4 | _aASPECTOS SOCIALES | |
| 650 | 4 | _aCAPITALISMO | |
| 650 | 4 | _aDEMOCRACIA | |
| 650 | 4 | _aDESARROLLO ECONOMICO Y SOCIAL | |
| 650 | 4 | _aDESARROLLO SOCIAL | |
| 650 | 4 | _aECONOMIA | |
| 650 | 4 | _aESTADO | |
| 650 | 4 | _aMODELOS ECONOMICOS | |
| 650 | 4 | _aMOVIMIENTO SOCIALES | |
| 650 | 4 | _aPARTICIPACION SOCIAL | |
| 650 | 4 | _aPENSAMIENTO ECONOMICO | |
| 651 | 4 | _aDOCUMENTOS TEORICOS O METODOLOGICOS | |
| 653 | _aECONOMIA SOCIAL | ||
| 653 | _aECONOMIA SOLIDARIA | ||
| 653 | _aTERCER SECTOR | ||
| 905 | _a46922 | ||
| 942 | _cLIB | ||
| 999 |
_c8370 _d8370 |
||